000
00315nam a2200133Ia 4500
082
_a
610.7367
_b
B10B
100
_a
BRUNNER
245
_a
HB. FORBRUNNER & SUDDARTH'S TB OF MEDICAL SURGICAL NURSING
250
_a
12TH
260
_b
WOLTER KLUWER
_a
INDIA
_c
2010
300
_a
725
650
_a
SURGERY
942
_2
ddc
_c
BK
999
_c
2167
_d
2167